| 000 | 01652nab a22003017a 4500 | ||
|---|---|---|---|
| 999 |
_c6361 _d6361 |
||
| 003 | OSt | ||
| 005 | 20260131201614.0 | ||
| 008 | 190603e xxum|||| |||| 00| 0 spa d | ||
| 040 | _cPJ | ||
| 100 |
_97012 _aStarópoli, María del Carmen |
||
| 245 | 1 | 0 |
_aEntre separación de hecho y convivencia dual : _bla verdad judicial para determinar la exclusión hereditaria / _cMaría del Carmen Starópoli. |
| 260 |
_cCiudad Autónoma de Buenos Aires : _aThomson Reuters La Ley, _b2025. |
||
| 300 | _ap. 159-170 | ||
| 500 | _aCita: TR LALEY AR/DOC/2860/2025 Publicado en: RCCyC 2025 (Diciembre). | ||
| 505 | _aSumario: I. Los antecedentes del caso.— II. Contexto jurídico.— III. La separación de hecho como quebranto del matrimonio y de la vocación sucesoria.— IV. Separación de hecho con convivencia simultánea.— V. Del onus probandi a la fecha de separación: consecuencias para la herencia.— VI. Conclusión final. | ||
| 505 | _aFallo comentado: CNCiv., sala K ~ 16/07/2025 ~ M., L. M. y otros c. B., M. M. y otros s/ exclusión de heredero. | ||
| 505 | _t¿Te interesa el texto completo? Solicitalo al correo: koha@justierradelfuego.gov.ar | ||
| 650 | 0 |
_91497 _aCODIGO CIVIL Y COMERCIAL |
|
| 650 | 0 |
_9888 _aSUCESIONES |
|
| 650 | 0 |
_91084 _aHEREDEROS |
|
| 650 | 0 |
_aACERVO SUCESORIO _94107 |
|
| 650 | 0 |
_aSEPARACION DE HECHO _95142 |
|
| 650 | 0 |
_aCARGA DE LA PRUEBA _93927 |
|
| 650 | 0 |
_aDIVORCIO _9977 |
|
| 650 | 0 |
_aLIQUIDACION DE LA SOCIEDAD CONYUGAL _91022 |
|
| 773 | 0 |
_02713 _93170 _dCiudad Autónoma de Buenos Aires : Thomson Reuters La Ley, 2015- _tRevista Código Civil y Comercial. Nº 6 - Diciembre 2025 |
|
| 942 |
_2udc _cANA |
||